|
|
|
|
| LEADER |
00000nam0a2200000 4500 |
| 001 |
183731 |
| 005 |
20231101223801.0 |
| 035 |
|
|
|a (RuTPU)RU\TPU\book\199186
|
| 090 |
|
|
|a 183731
|
| 100 |
|
|
|a 20100819d1993 m y0rusy50 ca
|
| 101 |
0 |
|
|a rus
|
| 102 |
|
|
|a RU
|
| 105 |
|
|
|a a z 000ay
|
| 200 |
1 |
|
|a Альсино (Иноземлянин)
|e роман-гипотеза
|f А. П. Казанцев
|g худож. В. Лукьянец
|
| 210 |
|
|
|a Москва
|c Центр духовного развития
|d 1993
|
| 215 |
|
|
|a 188 с.
|c ил.
|d 20 см.
|
| 316 |
|
|
|5 63413507: 96-1000
|a С автографом автора. На титульном листе дарственная надпись: "Научно-технической б-ке Томского Политехнического Университета от выпускника 1930-го года обяз. зкз. для пополнения коллекции. А. Казанцев 30.03.96"
|
| 317 |
|
|
|5 63413507: 96-1000
|a Поступил в НТБ в дар от А. П. Казанцева
|
| 606 |
1 |
|
|a Русская литература современная
|2 stltpush
|3 (RuTPU)RU\TPU\subj\26373
|9 50316
|
| 610 |
1 |
|
|a художественная литература
|
| 610 |
1 |
|
|a фантастика
|
| 610 |
1 |
|
|a романы
|
| 610 |
1 |
|
|a выпускники ТПУ
|
| 610 |
1 |
|
|a Коллекция А. П. Казанцева
|
| 610 |
1 |
|
|a дары автора
|
| 610 |
1 |
|
|a дары библиотеке
|
| 610 |
1 |
|
|a дарственные надписи
|
| 675 |
|
|
|a Р2
|v 3
|
| 700 |
|
1 |
|a Казанцев
|b А. П.
|c русский советский писатель-фантаст
|c член Союза писателей СССР
|c выпускник механического факультета ТТИ 1930 г.
|f 1906-2002
|g Александр Петрович
|2 stltpush
|3 (RuTPU)RU\TPU\pers\15808
|
| 702 |
|
1 |
|a Лукьянец
|b В.
|4 440
|
| 801 |
|
1 |
|a RU
|b 63413507
|c 20100819
|
| 801 |
|
2 |
|a RU
|b 63413507
|c 20210726
|g RCR
|
| 942 |
|
|
|c BK
|